Những bài học lãnh đạo từ các thực tập sinh nhà trắng = Leadership lessons of the white house fellows : Bí quyết truyền cảm hứng cho người khác để trở nên ưu tú và thành công trong mọi tổ chức
Giới thiệu nội dung Chương trình thực tập lãnh đạo tại Nhà trắng của Mỹ và những bài học lãnh đạo của chương trình thực tập này. Một số hướng dẫn để có thể trở thành một thực tập sinh tại Nhà trắng...
Đã lưu trong:
| 主要作者: | |
|---|---|
| 格式: | 图书 |
| 语言: | Undetermined |
| 出版: |
Thành phố Hồ Chí Minh
Nxb. Tổng hợp thành phố Hồ Chí Minh
2010
|
| 主题: | |
| 标签: |
添加标签
没有标签, 成为第一个标记此记录!
|
| Thư viện lưu trữ: | Trung tâm Học liệu Trường Đại học Cần Thơ |
|---|
| LEADER | 01255nam a2200217Ia 4500 | ||
|---|---|---|---|
| 001 | CTU_185752 | ||
| 008 | 210402s9999 xx 000 0 und d | ||
| 020 | |c 70000 | ||
| 082 | |a 658.4 | ||
| 082 | |b G216 | ||
| 100 | |a Garcia, Charles P. | ||
| 245 | 0 | |a Những bài học lãnh đạo từ các thực tập sinh nhà trắng = Leadership lessons of the white house fellows : | |
| 245 | 0 | |b Bí quyết truyền cảm hứng cho người khác để trở nên ưu tú và thành công trong mọi tổ chức | |
| 245 | 0 | |c Charles P. Garcia ; Nguyễn Ngọc Oanh Vũ dịch | |
| 260 | |a Thành phố Hồ Chí Minh | ||
| 260 | |b Nxb. Tổng hợp thành phố Hồ Chí Minh | ||
| 260 | |c 2010 | ||
| 520 | |a Giới thiệu nội dung Chương trình thực tập lãnh đạo tại Nhà trắng của Mỹ và những bài học lãnh đạo của chương trình thực tập này. Một số hướng dẫn để có thể trở thành một thực tập sinh tại Nhà trắng | ||
| 650 | |a Leadership,Nghệ thuật lãnh đạo | ||
| 910 | |a Ngô Hồng Xuân | ||
| 980 | |a Trung tâm Học liệu Trường Đại học Cần Thơ | ||